000 00738nam a2200205Ia 4500
003 GCL
008 140319s9999 xx 000 0 ara d
040 _aGCL /
_cGCL
082 0 4 _a955.06
_bف ا
100 1 _aفهمى هويدى
245 1 0 _aايران من الداخل /
_cفهمى هويدى
250 _aالرابعة
260 _aالقاهرة :
_bمركز الاهرام للترجمة والنشر ،
_c1991
300 _a405 ص ؛
_c24 سم
650 0 4 _aالاحوال الاجتماعية
650 0 4 _aالاحوال السياسية
650 0 4 _aاية الله الخمينى
650 0 4 _aايران - تاريخ - العصر الحديث - محمد رضا شاه بهلوى (1943 -1979)
942 _2ddc
_cBK
999 _c30849
_d30849